Normal view MARC view
  • Gómez Restrepo, Antonio,

Entry Nombre Personal

Number of records used in: 1

001 - NUMERO DE CONTROL

  • campo de control: 46028

003 - IDENTIFICADOR DE NUMERO DE CONTROL

  • campo de control: DLC

005 - FECHA Y HORA DE LA ÜLTIMA TRANSACCIÓN

  • campo de control: 20220901122215.0

008 - DATOS DE LONGITUD FIJA

  • campo de control de longitud fija: 900604n| acannaabn || aaa d

010 ## - NÚMERO DE CONTROL DE LA BIBLIOTECA DEL CONGRESO

  • Número de control LC: nr 90009538

035 ## - NUMERO DE CONTROL

  • Número de control: (OCoLC)oca02756217

040 ## - FUENTE DE CATALOGACIÓN

  • Agencia original de catalogación: NjP
  • Lenguaje de catalogación: spa
  • Agencia de transcripción: NjP
  • Agencia que lo modifica: OCoLC
  • Agencia que lo modifica: MX-MxUPN

100 1# - ENCABEZAMIENTO - NOMBRE PERSONAL

  • Nombre personal: Gómez Restrepo, Antonio,
  • Fechas asociadas con el nombre: 1869-1947

670 ## - FUENTE EN LA QUE SE LOCALIZARON DATOS

  • Cita de la fuente: Vergara y Vergara, J.M. Historia de la literatura en Nueva Granada, 1958:
  • Información localizada: portada (Antonio Gómez Restrepo)

670 ## - FUENTE EN LA QUE SE LOCALIZARON DATOS

  • Cita de la fuente: LC in RLIN, 5-31-90
  • Información localizada: (hdg.: Gómez Restrepo, Antonio, 1869-1947)

902 ## - CATALOGADOR

  • Catalogador: VRC/010922